Internal-combustion engines (Record no. 20584)

000 -LEADER
fixed length control field 00522nam a22001931 4500
001 - CONTROL NUMBER
control field 20584
003 - CONTROL NUMBER IDENTIFIER
control field BD-DhUET
008 - FIXED-LENGTH DATA ELEMENTS--GENERAL INFORMATION
fixed length control field 750306s1945 nyua b 000 0 eng
040 ## - CATALOGING SOURCE
Original cataloging agency DLC
Transcribing agency DLC
Modifying agency BD-DhUET
082 ## - DEWEY DECIMAL CLASSIFICATION NUMBER
Classification number 621.43
Item number MAL/1945
100 ## - MAIN ENTRY--PERSONAL NAME
Personal name Maleev, V. L.
245 10 - TITLE STATEMENT
Title Internal-combustion engines
Remainder of title theory and design
250 ## - EDITION STATEMENT
Edition statement 2nd ed.
260 ## - PUBLICATION, DISTRIBUTION, ETC. (IMPRINT)
Place of publication, distribution, etc. London
Name of publisher, distributor, etc. McGraw-Hill
Date of publication, distribution, etc. 1945
300 ## - PHYSICAL DESCRIPTION
Extent xii, 636 p.
Other physical details ill.
Dimensions 22 cm.
504 ## - BIBLIOGRAPHY, ETC. NOTE
Bibliography, etc Includes bibliographies
650 #0 - SUBJECT ADDED ENTRY--TOPICAL TERM
Topical term or geographic name as entry element Internal combustion engines
942 ## - ADDED ENTRY ELEMENTS (KOHA)
Koha item type General Book
Holdings
Koha date last seen Lost status Price effective from Location (home branch) Koha full call number Date acquired Shelving location Not for loan Source of classification or shelving scheme Withdrawn status Koha item type Copy number Piece designation (barcode) Koha normalized classification for sorting Damaged status Sublocation or collection (holding branch)
2015-04-12 2015-04-12Central Library, BUET621.43/MAL/19452015-04-12Circulation section   General Book120397621_430000000000000_MAL_1945 Central Library, BUET
2015-04-13 2015-04-13Central Library, BUET621.43/MAL/19452015-04-13Circulation section   General Book26558621_430000000000000_MAL_1945 Central Library, BUET
2015-04-13 2015-04-13Central Library, BUET621.43/MAL/19452015-04-13Circulation section   General Book31951a621_430000000000000_MAL_1945 Central Library, BUET
2015-04-18 2015-04-18Central Library, BUET621.43/MAL/19452015-04-18Circulation section   General Book411309621_430000000000000_MAL_1945 Central Library, BUET
2015-06-16 2015-06-16Central Library, BUET621.43/MAL/19452015-06-16Reading section   Reading Item543348621_430000000000000_MAL_1945 Central Library, BUET
2015-06-30 2015-06-30Central Library, BUET621.43/MAL/19452015-06-30Reading section   Reading Item616327621_430000000000000_MAL_1945 Central Library, BUET
2015-07-02 2015-07-02Central Library, BUET621.43/MAL/19452015-07-02Reading section   Reading Item743347621_430000000000000_MAL_1945 Central Library, BUET